Statistics for The only country... #5

Click here to take the quiz!

General Stats

  • This quiz has been taken 82 times
    (69 since last reset)
  • The average score is 8 of 10

Answer Stats

HintAnswer% Correct
Largest coral reef systemAustralia
97%
Where you can find quokkasAustralia
97%
Most tornadoes per yearUnited States
92%
Largest landlocked country by areaKazakhstan
90%
Where you can find lemursMadagascar
90%
Lowest population density in AsiaMongolia
87%
With the most pyramidsSudan
87%
Smallest country by population in AfricaSeychelles
73%
Highest percentage of forested landSuriname
32%
Highest number of public holidaysCambodia
11%

Score Distribution

Percentile by Number Answered

Percent of People with Each Score

Your Score History

You have not taken this quiz since the last reset